Most Metal Countries in Europe (Bands Per Million People) - Statistics

General Stats
  • This quiz has been taken 135 times
  • The average score is 14 of 18
Answer Stats
Hint Answer % Correct
603 Finland
100%
428 Sweden
99%
299 Norway
98%
122 Germany
96%
154 Denmark
93%
341 Iceland
82%
138 Estonia
79%
162 Greece
79%
127 Netherlands
79%
101 Belgium
76%
124 Austria
75%
112 Portugal
73%
120 Slovenia
72%
112 Switzerland
71%
105 Hungary
67%
120 Czech Republic
64%
144 Luxembourg
56%
137 Malta
50%
No matching quizzes found
Score Distribution
Percent of People with Each Score
Percentile by Number Answered
Your Score History
You have not taken this quiz